Republic of South Africa (Record no. 120979)

MARC details
000 -LEADER
fixed length control field 00948cai a22002055a 4500
001 - CONTROL NUMBER
control field L156069
008 - FIXED-LENGTH DATA ELEMENTS--GENERAL INFORMATION
fixed length control field 120427u2012 xxk g 000 0 eng d
035 ## - SYSTEM CONTROL NUMBER
System control number (Sirsi) u156069
041 0# - LANGUAGE CODE
Language code of text/sound track or separate title eng
100 ## - MAIN ENTRY--PERSONAL NAME
Personal name Republic of South Africa
Numeration Department of Energy
245 00 - TITLE STATEMENT
Title Republic of South Africa
Remainder of title Department of Energy
Medium [electronic resource]
260 ## - PUBLICATION, DISTRIBUTION, ETC.
Place of publication, distribution, etc. Pretoria
Name of publisher, distributor, etc. DOE
Date of publication, distribution, etc. 2012
520 ## - SUMMARY, ETC.
Summary, etc. The Department of Energy is responsible for ensuring exploration, development, processing, utilisation and management of South Africa's mineral and energy resources. The key objectives of the department include, attaining universal access to energy by 2014 and accessible, affordable and reliable energy, especially for the poor.
590 ## - LOCAL NOTE (RLIN)
Local note KA
651 #4 - SUBJECT ADDED ENTRY--GEOGRAPHIC NAME
Geographic name South Africa
690 ## - LOCAL SUBJECT ADDED ENTRY--TOPICAL TERM (OCLC, RLIN)
Topical term or geographic name as entry element Energy
9 (RLIN) 6237
690 ## - LOCAL SUBJECT ADDED ENTRY--TOPICAL TERM (OCLC, RLIN)
Topical term or geographic name as entry element Environment
9 (RLIN) 6238
856 40 - ELECTRONIC LOCATION AND ACCESS
Uniform Resource Identifier <a href="https://www.energy.gov.za/home.html">https://www.energy.gov.za/home.html</a>
Public note View the website free of charge at www.energy.gov.za
942 ## - ADDED ENTRY ELEMENTS (KOHA)
Suppress in OPAC 0
Holdings
Withdrawn status Lost status Source of classification or shelving scheme Damaged status Not for loan Home library Current library Shelving location Date acquired Total Checkouts Full call number Barcode Date last seen Copy number Price effective from Koha item type
    Dewey Decimal Classification     Virtual Virtual Online 27/04/2012   WEBSITE 156069-2001 06/08/2019 1 06/08/2019 Online material